00924nam a2200253Ia 4500003000400000005001700004008004100021020001800062040001800080041000800098082002000106100002800126245007300154250001200227260005500239300002800294650007000322650003800392650003600430700002600466942002400492999001900516952013500535OSt20260119105633.0210716s2011 xx 000 0 und d a9788120341722 cAIMIT LIBRARY aeng a651.7 21bTYAK aTyagi, Kavitha.9251693 aAdvanced technical communication /cBy Kavita Tyagi and Padma Misra. a1st ed. aNew Delhi :bPHI Learning private limited ,c2011. axvi,304 p.;bPBc25 cm. aIntroduction to business communication and letter writing9251694 aNotice agenda and minutes9251695 aJob application letters9251696 aMisra, Padma.9251697 2ddccBKk651.7 TYAK c191763d191763 001040708MCAaAIMITbAIMITeHigginbothams Pvt Ltdg250.00l0o651.7 TYAKpMCA11271r2025-07-21 00:00:00v187.50w2021-07-16yBK